00469nam a22001697a 450000500170000001000150001702000260003203500140005803700090007208200080008110000170008924500490010625000060015526000480016127000710020930000190028020260604155516.0 aENG-148760 a9789391091644c160.00 aEN-132292 bDBAD a881 aSharma, R.D. aLines From Summer Resort Diary/cR.D. Sharma a1 aGurugrambThe Poetry Society of Indiac2024 aH-23/16, DLF Phase-IbGurugrame122002mthepoetrysoindia@gmail.com a34p.c22cm(hb0